000 00747cam a22002413a 4500
001 14417
003 PGUSA
005 20140828083317.0
008 041222s2004||||xxu|||||s|||||000 | eng d
040 _aPGUSA
_beng
042 _adc
050 4 _aPA
100 1 _aAeschylus,
_d-525--456
245 1 4 _aThe Agamemnon of Aeschylus :
_bTranslated into English Rhyming Verse with Explanatory Notes
_h[electronic resource] /
_cAeschylus
260 _bProject Gutenberg,
_c2004
506 _aPublic domain in the USA.
516 _aElectronic text
653 _aAgamemnon (Greek mythology) -- Drama
700 1 _aMurray, Gilbert,
_d1866-1957
830 0 _aProject Gutenberg
_v14417
856 4 0 _uhttp://www.gutenberg.org/ebooks/14417
942 _cEB
999 _c243672
_d243672